000 00504nam a22002177a 4500
003 UA-OsUOA
001 47174
007 ta
008 20070712b un ||||| |||| 00| 0 ukr d
090 _a70
_bР18
942 _cBK
040 _aUA-OsUOA
_brus
_cUA-OsUOA
_dUA-OsUOA
245 _aРайдуга
300 _a221 с.
955 _a2
041 _arus
080 _a70
260 _aК.
_bМистецтво
_c1988
650 7 _a7 Мистецтво. Ігри. Спорт.
_2UDC
999 _c333272
_d333272